000 00257nam a2200109Ia 4500
008 240625s9999 xx 000 0 und d
041 _aeng
082 _a658.403801 JOS
100 _aJOSHI GIRDHAR
245 _aMANAGEMENT INFORMATION SYSTEMS
260 _c2013
999 _c38096
_d38096